| 000 | 00856nam a22002537a 4500 | ||
|---|---|---|---|
| 005 | 20240920092407.0 | ||
| 008 | 240920b ag |||||||| |||| 00| 0 spa d | ||
| 050 | 0 | 4 |
_aRC480.55 _bP75 1965 |
| 240 | 1 | 0 |
_a27 opinions sur la psychotherapie. _lEspañol. |
| 245 | 0 | 0 |
_aPsicoterápia y materialismo dialéctico _c/ P. Bequart...[et al.] ; traducción Lidia Alazraqui. |
| 250 | _a1a ed. | ||
| 260 |
_aBuenos Aires : _bEdiciones Nuestro Tiempo, _c1968. |
||
| 300 |
_a369 p. ; _c20 cm. |
||
| 490 | 0 | _aColección Ciencia y conocimiento. | |
| 500 | _aIncluye índice. | ||
| 650 | 7 |
_2lemb _aPsicoterapia |
|
| 650 | 7 |
_2lemb _aMaterialismo dialéctico |
|
| 700 | 1 |
_aBequart, P., _eautor |
|
| 700 | 1 |
_aMuldworf, B., _eautor |
|
| 700 | 1 |
_aBonnafé, L., _eautor |
|
| 700 | 1 |
_aLaffité, V., _eautor |
|
| 700 | 1 |
_aAlazraqui, Lidia, _etraductor |
|
| 942 |
_2lcc _cLIB |
||
| 999 |
_c138853 _d138851 |
||